000 01385nam a2200217Ia 4500
003 Ost
005 20260507074935.0
008 260507s9999||||xx |||||||||||||| ||und||
040 _cfsecg
041 _aara
082 _a332.1023
100 _aسفر، احمد
_eمؤلف
245 0 _aالعمل المصرفي الالكتروني في البلدان العربية /
_c احمد سفر
260 _aطرابلس:
_bالمؤسسسة الحديثة للكتاب,
_c2006
300 _a384 صفحة؛
_c24 سم
520 _aيتطرق الكتاب للمواضيع التالية : البيئة المصرفية و التكنولوجية، ركائز العمل المصرفي الالكتروني، بنية الاعمال المصرفية الالكترونية و تحدياتها، خدمات الصيرفة الاللكترونية و جرائمها، البنوك الإلكترونية، تقنية المعلومات و استخدامات الصيرفة و النقود الالكترونية، مقومات التوقيع الالكتروني، الاطار القانوني للعمل المصرفي و أخيرا التجربة اللبنانية في الصيرفة الالكترونية.
653 _aالبنوك-مهنة
653 _aالعالم العربي -الأحوال الاقتصادية
653 _aتكنولوجيا
942 _cكتاب
999 _c41879
_d41879